000
00282nam a22001337a 4500
003
SGT
082
_a
612.3
_b
N15E
100
_a
ELIZABATH, K.E.
245
_a
NUTRITION & CHILD DEVELOPMENT
250
_a
5TH
260
_a
INDIA
_b
PARAS
_c
2015
300
_a
633
942
_2
ddc
_c
BK
_0
2
999
_c
12087
_d
12087